1127 1074 1856 1373 1756 1391 1979 1248 1444 1968 1059 1641 1957 1279 1926 1405 1458 1773 1877 1105 1893 1237 1625 1573 1466 1213 1501 1611 1608 1780 1434 1586 1664 1206 1504 1171 1808 1267 1896 1501 1380 1888 1569 1338 1389 1710 1303 1716 1655 1507 1233 1555 1088 1474 1662 1345 1690 1923 1731 1435 1378 1943 1441 1648 1580 1254 1834 1854 1632 1906 1303 1335 1483 1250 1518 1334 1830 1578 1935 1366 1381 1326 1430 1136 1508 1356 1291 1803 1949 1989 1739 1363 1598 1839 1166 1046 1826 1762 1553 BCNSPRNW ULIB Ver.6.0+V

เปลี่ยนเป็นภาษาไทย

Change to English
 แสดงรายละเอียดบรรณานุกรม
  กลับหน้าหลัก

Brief Record : Get Marc (ISO 2709) : E-mail record : QR code < ปิดหน้าต่าง
LEADER : 00000nam 2200000uu 4500
001    13399108164
003     ULIB
008    110220s2551||||th 000 0 tha d
020    9789744663139
040    brv
060 04 WW141^bศ324ต 2551
245 00 ตำราพยาบาลเวชปฏิบัติทางตา /^cบรรณาธิการ ศักดิ์ชัยวงศกิตติรักษ์, กิตติชัย อัครพิพัฒน์กุล
250    พิมพ์ครั้งที่ 1
260    กรุงเทพฯ :^bภาควิชาจักษุวิทยา คณะแพทยศาสตร์มหาวิทยาลัยธรรมศาสตร์,^c2551
300    197 หน้า :^bภาพประกอบ ;^c27 ซม.
650  7 การพยาบาลจักษุวิทยา
650  7 ตา, โรค^xการดูแล
650  7 ตา, โรค^xการรักษา
700 0  ศักดิ์ชัย วงศกิตติรักษ์,^eบรรณาธิการ
700 0  กิตติชัย อัครพิพัฒน์กุล,^eบรรณาธิการ
710 2  มหาวิทยาลัยธรรมศาสตร์.^bคณะแพทยศาสตร์.^bภาควิชาจักษุวิทยา
945    ^p400^l0^i023857
945    ^p400^l0^i023856
945    ^p400^l0^i023855
945    ^p400^l0^i023858
995    ทศพร
999 ^a ใช้งานได้ทุกระบบ
รายการนี้ยังไม่มีแท็ก
คุณยังไม่ได้ล็อกอิน คุณสามารถมีกิจกรรมร่วมกับเว็บไซต์ได้ แต่ต้องล็อกอินก่อน ::
  ล็อกอิน

รายการสื่อสารสนเทศ

ลำดับที่ ประเภท เลขเรียก/บาร์โค้ด สถานที่ สถานะ
- ไม่พบข้อมูล -

รายการใกล้เคียง
    หัวเรื่อง [การพยาบาลจักษุวิทยา]

BibComment


ยังไม่เคยถูกคอมเมนท์

คอมเมนท์ทรัพยากรรายการนี้
  คอมเมนท์: ตำราพยาบาลเวชปฏิบ..


 Copyright 2026. Bcnsprnw @Library